000 01281ngm a22002890a 4500
001 PT36017
003 AR-LpoUNG
005 20210202000459.0
007 vd cvaizq
008 191001suuuu||||ag |||||||||||||||||eng d
040 _aAR-LpoUNG
_bspa
_cAR-LpoUNG
_eaacr
041 _aeng
044 _aag
082 0 _a154 674cue
100 1 _aHitchcock, Alfred
_edir.
245 1 0 _aCuentame tu vida = Spellbound
260 _aBuenos Aires :
_bRenacimiento,
_c1945.
300 _aVHS (111 min.) : son., byn
505 0 _aSubtítulos en castellano. - Créditos: Guión, Ben Hecht; fotografía, George Barnes; música, Miklos Rozsa; montaje, William Ziegler y Hal C. Kern; dirección artística, James Basevi y John Ewing; diseño, Salvador Dalí. - Elenco: Ingrid Bergman, Gregory Peck, Jran Acker, Donald Curtis.
520 _aA un sanatorio llega el doctor Edwards a ocupar el cargo principal que ha quedado vacante. Sin embargo, la doctora Constance Peterson descubre rápidamente que él no sólo es un impostor, sino que de hecho es un paciente siquiátrico y un posible asesino. Lo que no impide que ella comience a enamorarse de él.
650 4 _aDRAMA
653 _aCINE CLASICO
653 _aSUSPENSO
653 _aVIDEOS
905 _a36017
942 _cVIDEO
999 _c54930
_d54930